000 01039nam a22003257a 4500
003 CHAP
005 20220329143912.0
008 120704s1992 mdu r 00010 eng d
010 _a103497
011 _a104469
022 0 _a1052-5378
035 _a115159
040 _cCHAP
090 _aFolleto 18315
100 1 _aRafats, Jerry
_993727
245 1 0 _aEarthworms in agriculture :
_bjanuary 1986 - october 1991
_c/por Jerry Rafats
260 _aMaryland, EUA :
_bNational Agricultural Library,
_c1992
300 _a46 p.
490 0 _aQuick bibliography series
_v; 92-16
590 _aBATCH-UPD
_b10
_c20130110
_lUCH01
_h1435
590 _aBATCH-UPD
_b10
_c20130410
_lUCH01
_h0909
590 _aBATCH-UPD
_b10
_c20130914
_lUCH01
_h0614
590 _aCONVERSION
_b10
_c20130109
_lUCH01
_h1357
650 1 4 _aBibliografía.
_912194
650 1 4 _aLombrices de tierra.
_967520
830 0 _aQuick bibliography series
_v; 92-16
_993288
901 _aBK
942 _cFOLL
949 _aFolleto 18315
_bBC
_cFOLL
_d33724002330629
_eTS1
_i115159
_sb
999 _c103497
_d103497